| 000 | 01229nam a22003617a 4500 | ||
|---|---|---|---|
| 003 | CHAP | ||
| 005 | 20220329143343.0 | ||
| 008 | 081127s2007 es a r 00010 spa d | ||
| 010 | _a95425 | ||
| 011 | _a96397 | ||
| 020 | _a9788428212373 | ||
| 035 | _a107050 | ||
| 040 | _cCHAP | ||
| 082 | 0 | 4 |
_a635 _bSm51 |
| 100 | 1 |
_aSmith, Eduard C. _9106996 |
|
| 245 | 1 | 3 |
_aEl gran manual del cultivador de hortalizas : _bcomo conseguir un mejor rendimiento en cualquier región de cultivo _c/por Edward C. Smith |
| 260 |
_aBarcelona : _bEdiciones Omega, _c2007 |
||
| 300 |
_aix, 310 p. : _bilus. |
||
| 590 |
_aBATCH-UPD _b10 _c20130110 _lUCH01 _h0349 |
||
| 590 |
_aBATCH-UPD _b10 _c20130110 _lUCH01 _h1806 |
||
| 590 |
_aBATCH-UPD _b10 _c20130410 _lUCH01 _h0022 |
||
| 590 |
_aBATCH-UPD _b10 _c20130914 _lUCH01 _h1624 |
||
| 590 |
_aCONVERSION _b10 _c20130109 _lUCH01 _h1353 |
||
| 650 | 1 | 4 |
_aHorticultura. _956291 |
| 650 | 1 | 4 |
_aHuertos familiares. _956726 |
| 650 | 1 | 4 |
_aLegumbres. _965680 |
| 650 | 1 | 4 |
_aSemillas hortícolas. _9103943 |
| 650 | 1 | 4 |
_aSistemas de cultivo. _9106746 |
| 650 | 1 | 4 |
_aSuelos agrícolas. _9110531 |
| 901 | _aBK | ||
| 942 | _cLIBRO | ||
| 949 |
_a635 Sm51 _bBC _cLIBRO _d33724002070215 _eLIBRO _gI.c/e _h109928 _i107050 _so _t$624.00 |
||
| 999 |
_c95425 _d95425 |
||